Kryptoanalýza Hillovej šifry

Enregistré dans:
Détails bibliographiques
Auteur principal: Madarás, Jakub (Auteur)
Autres auteurs: Zajac, Pavol (Directeur de thèse)
Format: Manuscrit Livre
Langue:slovaque
Publié: 2016
Sujets:
Accès en ligne:http://is.stuba.sk/zp/portal_zp.pl?podrobnosti=78020
Tags: Ajouter un tag
Pas de tags, Soyez le premier à ajouter un tag!

MARC

LEADER 00000ntm a22000003a 4500
001 stuzp42000
003 SK-STU
005 20160830105336.9
007 ta
008 150427s2015----xo-----f-mn---000-0-slo-d
040 |a STU  |b slo 
041 0 |a slo 
044 |a xo 
100 1 |a Madarás, Jakub  |u 035000  |4 aut  |U FEI Fakulta elektrotechniky a informatiky  |T FEI Ústav informatiky a matematiky  |X 5987  |U E050  |Y 816  |7 5987 
242 0 1 |a Cryptoanalysis of Hill Cipher  |y eng 
245 1 0 |a Kryptoanalýza Hillovej šifry 
260 |c 2016 
300 |a 26 s., príl.,  |b CD-ROM 
650 4 |a cryptoanalysis  |2 eng 
650 4 |a decryption  |2 eng 
650 4 |a encryption  |2 eng 
650 4 |a matrix  |2 eng 
650 4 |a key  |2 eng 
650 4 |a cipher  |2 eng 
650 4 |a demonstration software  |2 eng 
650 4 |a Hill cipher  |2 eng 
650 4 |a demonštračný softvér  |2 slo 
650 4 |a Hillova šifra  |2 slo 
650 4 |a kryptoanalýza  |2 slo 
650 4 |a dešifrovanie  |2 slo 
650 4 |a šifrovanie  |2 slo 
650 4 |a matica  |2 slo 
650 4 |a kľúč  |2 slo 
650 4 |a šifra  |2 slo 
700 1 |a Zajac, Pavol  |u 035000  |k Z1  |4 ths  |U FEI Fakulta elektrotechniky a informatiky  |T FEI Ústav informatiky a matematiky  |X 10218  |U E050  |Y 816  |7 A000010218 
856 4 |u http://is.stuba.sk/zp/portal_zp.pl?podrobnosti=78020 
996 |b 284ER02206  |c E*Bc- 2206  |l EE35  |s P  |a 0  |w stuzp42000_0001 
SQL |a stuzp42000  |b DBP  |c SLO  |d Kryptoanalýza Hillovej šifry  |e 5987  |f Madarás, Jakub  |g 035000  |h 10218  |i Zajac, Pavol  |j 20160706  |k 73  |l 03  |m http://is.stuba.sk/zp/portal_zp.pl?podrobnosti=78020  |n B-API  |o 9.2.9. aplikovaná informatika